Vertikális vagy horizontális kapcsolatok az oktatásban fontos ez? /

Elmentve itt :
Bibliográfiai részletek
Szerző: Aspeslagh Robert
Dokumentumtípus: Cikk
Megjelent: 1997
Sorozat:Iskolakultúra 7 No. 1
Online Access:http://misc.bibl.u-szeged.hu/40795
LEADER 00590nab a2200169 i 4500
001 misc40795
005 20191106141010.0
008 180709s1997 hu o 0|| zxx d
022 |a 1215-5233 
040 |a SZTE Miscellanea Repozitórium  |b hun 
041 |a zxx 
100 1 |a Aspeslagh Robert 
245 1 0 |a Vertikális vagy horizontális kapcsolatok az oktatásban  |h [elektronikus dokumentum] :  |b fontos ez? /  |c  Aspeslagh Robert 
260 |c 1997 
300 |a 3-16 
490 0 |a Iskolakultúra  |v 7 No. 1 
856 4 0 |u http://misc.bibl.u-szeged.hu/40795/1/6_EPA00011_iskolakultura_1997-1.pdf  |z Dokumentum-elérés